• 首页
  • 本馆介绍
  • 公告通知
  • 最新文献
  • 馆藏检索
  • 电子资源
  • 读者导购
  • 参考咨询
  • 我的图书馆
  • 登录
  • 详细信息显示
  • 放入我的书架
  • 预约/预借图书
  • 作者相关作品
  • 分类相关作品
  • 丛书相关作品
  • 出版社相关作品

书目信息

  • 表格格式
  • 工作单格式
  • 卡片格式
题名:
精细化工配方原理与剖析
    
 
作者: 梁亮 编著
分册:  
出版信息: 北京   化学工业出版社  2007
页数: 195页
开本: 26cm
丛书名:
单 册:
中图分类: TQ072
科图分类:
主题词: 精细化工--化工产品--配方
电子资源:
ISBN: 978-7-5025-9620-0
000 00898nam0 2200253 450
001 012004155367
005 20080303094818.79
009 012004155367
010    @a978-7-5025-9620-0@dCNY28.00
035    @a(110017)062007033400
100    @a20070720d2007 em y0chiy0110 ea
101 0  @achi
102    @aCN@b110000
105    @ay z 000yy
106    @ar
200 1  @a精细化工配方原理与剖析@Ajing xi hua gong pei fang yuan li yu pou xi@f梁亮编著
210    @a北京@c化学工业出版社@d2007
215    @a195页@d26cm
330    @a本书从实际应用的角度出发,侧重讨论了精细化学品配方设计的原理,剖析了配方生产过程中各种配方主原料、辅原料、助剂等的选择和用量的关系、方法及注意事项,并给合配方实例重点介绍经典和最新的配方设计原则、要点和思路。
606 0  @a精细化工@x化工产品@x配方
690    @aTQ072@v4
701  0 @a梁亮@Aliang liang@4编著
801  0 @aCN@b110017@c20080303
905    @dTQ072@e173@f4
    
    精细化工配方原理与剖析/梁亮编著.-北京:化学工业出版社,2007
    195页;26cm
    
    
    ISBN 978-7-5025-9620-0:CNY28.00
    本书从实际应用的角度出发,侧重讨论了精细化学品配方设计的原理,剖析了配方生产过程中各种配方主原料、辅原料、助剂等的选择和用量的关系、方法及注意事项,并给合配方实例重点介绍经典和最新的配方设计原则、要点和思路。
●
相关链接 在E读中查询图书 在五车中查询图书 在当当中查询图书 在豆瓣中查询图书


正题名:精细化工配方原理与剖析     索取号:TQ072/173         预约/预借

序号 登录号 条形码 馆藏地/架位号 状态 备注
1 0614489   206144894   第二样本阅览室/ [索取号:TQ072/173] 在馆    
2 0614490   206144901   第三借阅区/ [索取号:TQ072/173] 在馆    
3 0614491   206144910   第三借阅区/ [索取号:TQ072/173] 在馆    
4 0614492   206144929   第三借阅区/ [索取号:TQ072/173] 在馆    
唐山师范学院图书馆 欢迎您!
大连网信软件有限公司© 版权所有